000 00241nam a2200097Ia 4500
001 977366
005 20250826220725.0
008 250824s9999 xx 000 0 und d
245 0 _aEVLİYA VE EŞKİYA
_cUĞUR KOŞAR
260 _bDESTEK YAYINLARI
999 _c977366
_d977366